Apoyo social en universitarios españoles de primer año : (Record no. 175914)
[ view plain ]
| 000 -CABECERA | |
|---|---|
| campo de control de longitud fija | 02205nab a2200289 a 4500 |
| 005 - FECHA Y HORA DE LA ÚLTIMA TRANSACCIÓN | |
| campo de control | 20210219162417.0 |
| 008 - ELEMENTOS DE LONGITUD FIJA--INFORMACIÓN GENERAL | |
| campo de control de longitud fija | 991125s1985 mx 000 0 spa u |
| 035 ## - NÚMERO DE CONTROL DEL SISTEMA | |
| Número de control de sistema | UPN01000203813 |
| 049 ## - COLECCIÓN | |
| Colección | ART |
| 100 1# - ASIENTO PRINCIPAL--NOMBRE PERSONAL | |
| Nombre de persona | Martínez López, Zeltia |
| 100 1# - ASIENTO PRINCIPAL--NOMBRE PERSONAL | |
| Filiación | zeltia.martinez@usc.es |
| 100 1# - ASIENTO PRINCIPAL--NOMBRE PERSONAL | |
| Nombre de persona | Páramo Fernández, María Fernanda |
| 100 1# - ASIENTO PRINCIPAL--NOMBRE PERSONAL | |
| Nombre de persona | Guisande Couñago, María Adelina |
| 100 1# - ASIENTO PRINCIPAL--NOMBRE PERSONAL | |
| Nombre de persona | Tinajero Vacas, Carolina |
| 222 #0 - TÍTULO CLAVE | |
| Título clave | REVISTA LATINOAMERICANA DE PSICOLOGIA |
| 245 00 - MENCIÓN DE TÍTULO | |
| Título | Apoyo social en universitarios españoles de primer año : |
| Resto del título | propiedades psicométricas del Social Support Questionnaire-Short Form y el Social Provisions Scale |
| 260 ## - PUBLICACIÓN, DISTRIBUCIÓN, ETC. | |
| Lugar de publicación, distribución, etc. | Bogotá, Colombia |
| 300 ## - DESCRIPCIÓN FÍSICA | |
| Extensión | 102-110 |
| 362 0# - FECHAS DE PUBLICACIÓN Y/O DESIGNACIÓN SECUENCIAL | |
| Fecha de publicación y/o designación secuencial | 2014 Volumen 46, números 1-3 |
| 520 ## - NOTA DE RESUMEN, ETC. | |
| Sumario, etc. | El apoyo social percibido es un constructo multifacético conceptualizado como la valoración cognitiva de que existe una relación de confianza con los otros, con los que se puede contar en caso de necesidad. El objetivo de este trabajo es examinar las propiedades psicométricas de las escalas de apoyo social percibido Social Support Questionnaire-Short Form (SSQ6) y Social Provisions Scale (SPS) en una muestra de 855 universitarios, 575 mujeres y 280 hombres, matriculados en primer año de grado de 16 titulaciones de la Universidad de Santiago de Compostela (España). El SSQ6 mide las dimensiones de disponibilidad y satisfacción del apoyo percibido, mientras que el SPS evalúa sus funciones. Los análisis factoriales realizados confirman el modelo de dos dimensiones del SSQ6 y la estructura de seis factores del SPS. La consistencia interna de ambas escalas es satisfactoria, al igual que las evidencias de validez obtenidas de las correlaciones entre las dos escalas y sus respectivas subescalas. Los resultados revelan que las versiones españolas del SSQ6 y el SPS son medidas fiables y válidas para la evaluación del apoyo social percibido en población universitaria |
| 653 0# - TERMINO DE INDIZACION - NO CONTROLADO | |
| Término no controlado | APOYO SOCIAL |
| 653 0# - TERMINO DE INDIZACION - NO CONTROLADO | |
| Término no controlado | ESTUDIANTE UNIVERSITARIO |
| 653 0# - TERMINO DE INDIZACION - NO CONTROLADO | |
| Término no controlado | PROPIEDADES PSICOMETRICAS |
| 653 0# - TERMINO DE INDIZACION - NO CONTROLADO | |
| Término no controlado | SANTIAGO DE COMPOSTELA, ESPAÑA |
| 856 4# - LOCALIZACIÓN Y ACCESO ELECTRÓNICOS | |
| Identificador Uniforme del Recurso | <a href="http://www.scielo.org.co/pdf/rlps/v46n2/v46n2a04.pdf">http://www.scielo.org.co/pdf/rlps/v46n2/v46n2a04.pdf</a> |
| 905 ## - TIPO DE MATERIAL | |
| Tipo de material | Articulo |
No items available.
